Statistics for Fortnite: Season OG All Items

Click here to take the quiz!

General Stats

  • This quiz has been taken 3,051 times
    (2,442 since last reset)
  • The average score is 40 of 113

Answer Stats

TypeRarityItem% Correct
Assault RifleEpic | LegendaryAssault Rifle (Scar)
91%
Assault RifleCommon | Rare | UncommonAssault Rifle
89%
ShotgunCommon | Epic | Legendary | +2 othersPump Shotgun
66%
PistolCommon | Rare | UncommonPistol
65%
ShotgunCommon | Epic | Legendary | +2 othersTactical Shotgun
63%
Throwable/Explosive WeaponCommonGrenade
56%
Explosive WeaponEpic | Legendary | RareRocket Launcher
55%
Assault RifleCommon | Epic | Legendary | +2 othersBurst Assault Rifle
53%
PistolEpic | LegendaryHand Cannon
50%
Explosive WeaponEpic | Legendary | RareGrenade Launcher
45%
ShotgunLegendary | RareHeavy Shotgun
42%
ConsumableRareShield Potion
40%
SMGCommon | Epic | Legendary | +2 othersSubmachine Gun
40%
ConsumableLegendaryChug Jug
39%
TrapUncommonDamage Trap
39%
Assault RifleCommon | Rare | UncommonHeavy Assault Rifle
39%
ConsumableUncommonMini Shield Potion
38%
ConsumableUncommonMedkit
36%
Assault RifleEpic | Rare | UncommonScoped Assault Rifle
36%
Assault RifleLegendaryScoped Assault Rifle
35%
Throwable/Explosive WeaponUncommonClinger
34%
ConsumableCommonBandages
31%
SniperRare | UncommonHunting Rifle
30%
ShotgunCommon | Epic | Legendary | +2 othersCombat Shotgun
29%
TrapEpicLaunch Pad
28%
SMGCommon | Rare | UncommonSuppressed Submachine Gun
28%
SMGEpic | Legendary | Rare | UncommonTactical Submachine Gun
27%
Throwable/UtilityEpicShockwave Grenade
26%
ShotgunEpic | LegendaryDouble Barrel Shotgun
25%
Throwable/UtilityRarePort-A-Fort
25%
Assault RifleEpic | Legendary | RareSuppressed Assault Rifle
25%
Throwable/UtilityRareImpulse Grenade
24%
Pistol
Common
| Epic | Legendary | +2 others
Suppressed Pistol
24%
UtlityEpicGrappler
22%
Throwable/UtilityLegendaryPort-A-Fortress
22%
ThrowableRareBoogie Bomb
20%
Assault RifleRare | UncommonDrumgun
19%
Assault RifleEpic | RareLight Machine Gun
17%
Explosive WeaponEpic | LegendaryQuad Launcher
17%
UtilityEpicRift-To-Go
17%
Throwable/Explosive WeaponUncommonDynamite
16%
Assault RifleEpic | LegendaryMinigun
16%
TrapUncommonPoison Dart Trap
16%
Throwable/Explosive WeaponEpicRemote Explosives
15%
Consumable/UtilityLegendaryBush
14%
TrapRareCozy Campfire
14%
PistolCommon | UncommonFlint-Knock Pistol
14%
ThrowableRareStink Bomb
14%
TrapLegendaryMounted Turrets
13%
SniperRare | UncommonSemi-Auto Sniper Rifle
13%
PistolEpic | Rare | UncommonSix Shooter
12%
ThrowableUncommonSmoke Grenade
9%
UtilityRareBalloons
5%
UtilityEpicGrapple Glove
5%
UtilityRareGliders
3%
UtilityLegendaryTreasure Map
3%
TrapRareChiller Traps
1%

Score Distribution

Percentile by Number Answered

Percent of People with Each Score

Your Score History

You have not taken this quiz since the last reset